Normal view
MARC view
Entry Personal Name
001 - CONTROL NUMBER
- control field: 7450
003 - CONTROL NUMBER IDENTIFIER
- control field: HDC
005 - DATE AND TIME OF LATEST TRANSACTION
- control field: 20230624073245.0
008 - FIXED-LENGTH DATA ELEMENTS
- fixed length control field: 210126|| aca||aabn | a|a d
040 ## - CATALOGING SOURCE
- Original cataloging agency: HDC
- Transcribing agency: HDC
100 ## - HEADING--PERSONAL NAME
- Personal name: Salanti, Anna M.
670 ## - SOURCE DATA FOUND
- Source citation: Work cat.: (HDC): Salanti, Anna M., author, Genetically Engineered Foods /, 2005
